Movie by Famous One-Liner Quiz Stats

 Plays Quiz Updated Mar 2, 2015

Score 0/25 Timer 05:00
1 Play Today
% Correct
The Terminator
95.6%
The Social Network
91.9%
The Shining
91%
Jaws
90.7%
Gone with the Wind
85.9%
Dirty Dancing
85.5%
When Harry Met Sally
84.5%
Airplane!
79.4%
Who Framed Roger Rabbit
79.3%
The Princess Bride
77.5%
Back to the Future
77.2%
Guardians of the Galaxy
76.8%
Home Alone
70.1%
% Correct
Monty Python And The Holy Grail
68.6%
Dr. Strangelove
63.7%
The Sandlot
61.3%
This is Spinal Tap
57.5%
Zoolander
56.9%
Good Will Hunting
56.8%
Anchorman: The Legend of Ron Burgundy
56.7%
Full Metal Jacket
53.6%
Bridesmaids
49.7%
Dumb and Dumber
49.5%
Planes, Trains And Automobiles
39.8%
The LEGO Movie
29%

You're not logged in!

Compare scores with friends on all Sporcle quizzes.
OR
Log In

Sporcle TV

Today on Sporcle TV


Watch our educational content, quiz creation guides, and fun videos on Sporcle TV.

Show Comments

Extras

Top Quizzes Today


Score Distribution

Your Account Isn't Verified!

In order to create a playlist on Sporcle, you need to verify the email address you used during registration. Go to your Sporcle Settings to finish the process.

Report this User

Report this user for behavior that violates our Community Guidelines.

Details: